| 000 | 01484nam a2200169Ia 4500 | ||
|---|---|---|---|
| 005 | 20250117103857.0 | ||
| 008 | 250117s9999 xx 000 0 und d | ||
| 020 | _a9780566086656 | ||
| 082 | _a823.914GOL | ||
| 100 | _aGoldratt, Eliyahu M. | ||
| 245 | 4 |
_aThe goal _ba process of ongoing improvement |
|
| 260 |
_aGreat Barrington _bNorth River Press _c2004 |
||
| 300 | _a384 p. ; 23 cm. | ||
| 500 | _aWith interviews by David Whitford, editor at large, Fortune Small Business." | ||
| 520 | _aIn this intriguing business novel, which illustrates state-of-the-art economic theory, Alex Rogo is a UniCo plant manager whose factory and marriage are failing. To revitalize the plant, he follows piecemeal advice from an elusive former college professor who teaches, for example, that reduction in the efficiency of some plant operations may make the entire operation more productive. Alex's attempts to find the path to profitability and to engage his employees in the struggle involve the listener; and thankfully the authors' economic models, including a game with matchsticks and bowls, are easy to understand. Although some characters are as anonymous as the goods manufactured in the factory, others ring true. In addition, the tender story of Alex and his wife's separation and reconciliation makes a touching contrast to the rest of the book. Recommended for anyone with an interest in the state of the American economy. | ||
| 650 | _aManufacturing industries--United States--Fiction. | ||
| 999 |
_c7430 _d7430 |
||